| 000 | 01261nam a2200289 i 4500 | ||
|---|---|---|---|
| 003 | EG-ScBUE | ||
| 005 | 20231128113557.0 | ||
| 008 | 111116s1985 ua f b 000 0 ara d | ||
| 017 | _a1985 / 7154 | ||
| 020 | _a977215082 | ||
| 040 |
_aEG-ScBUE _bara _erda _cEG-ScBUE _dEG-ScBUE |
||
| 082 | 0 | 4 |
_222 _a909.097670722 _bق ا س |
| 100 | 1 |
_927775 _aقاسم، قاسم عبده، _d1942- _eمؤلف. |
|
| 245 | 1 | 2 |
_aالرؤية الحضارية للتاريخ : _bقراءة في التراث التاريخي العربي / _cتأليف قاسم عبده قاسم، أستاذ ورئيس قسم التاريخ، كلية الآداب، جامعة الزقازيق. |
| 246 | 3 | 0 | _aقراءة في التراث التاريخي العربي |
| 250 |
_aالطبعة الثانية، _bمزيدة ومنقحة. |
||
| 264 | 1 |
_aالقاهرة : _bدار المعارف، _c[1985] |
|
| 300 |
_a271 صفحة ؛ _c24 سم |
||
| 336 |
_2rdacontent _aنص _btxt |
||
| 337 |
_aبدون وسيط _2rdamedia _bn |
||
| 338 |
_aمجلد _bnc _2rdacarrier |
||
| 504 | _6يشتمل على إرجاعات ببليوجرافية. | ||
| 650 | 7 |
_aالتاريخ الإسلامي _xطرق البحث. _2BUEsh |
|
| 653 | _cNovember2011 | ||
| 655 | _vReading book | ||
| 942 |
_2ddc _cBB |
||
| 999 |
_c16221 _d16221 |
||